000 01414cam a22002174a 4500
005 20250605164050.0
008 250528s ||||||||||||||||||||||||d
035 _a17261
020 _a631162712
040 _aGR-AtMCL
_bgre
_dGR-AtMCL
_eAACR2
245 1 _aA World in Crisis? / Geographical Perspectives
250 _a2nd
260 _bBasil Blackwell,
_c1989
300 _a374
520 _aThe Geographical Perspectives of a World in Crisis show the interlinking nature of global, regional and local problems and, further, that these are not uniquely economic, ecological, political or social, but all these and more. Preface, Introduction: A World in Crisis?, The Geography of International Economic Disorder, Draining the World of Energy, Food Production and Distribution and Hunger, The Use of Natural Resources in Developing and Developed Countries, Malthus and Marx and Population Crises, World Capitalism and the Destruction of Regional Cultures, The Individual and the World-Economy, The Question of National Congruence, The New Geopolitics: The Dynamics of Geopolitical Disorder, World-Power Competition and Local Conflicts in the Third World, The World-Systems Project, Epilogue: Our Planet is Big Enough for Peace but Too Small for War, List of Contributors, Index.
700 1 _aJohnston J. R
_93422
700 1 _aTaylor J. P
_928
942 _cBK
999 _c2689
_d2689